000 00635cam a2200229 a 4500
020 _a0130975109 (case)
040 _cDLC
082 0 0 _a808 PRE 1995 A094 Or.
100 1 _aRoberts, Edgar V
245 1 0 _aLiterature :
_ban introduction to reading and writing /
250 _a4th ed
260 _aEnglewood Cliffs, N.J. :
_bPrentice Hall,
_cc1995
300 _alii, 1724 p. :
_bill. (some col.) ;
_c24 cm
500 _aIncludes indexes
650 0 _aLiterature
650 0 _aExposition (Rhetoric)
650 0 _aLiterature
650 0 _aCollege readers
650 0 _aReport writing
700 1 _aJacobs, Henry E
942 _cEK
999 _c14089
_d14089